Țările mai apropiate de România - Statistics

General Stats
  • This quiz has been taken 18 times
  • The average score is 17 of 20
Answer Stats
km țară % Correct
107 Croația
93%
235 Grecia
93%
0 Moldova
93%
0 Serbia
93%
266 Albania
87%
129 Bosnia și Herțegovina
87%
0 Bulgaria
87%
156 Kosovo
87%
170 Macedonia
87%
220 Rusia
87%
284 Slovenia
87%
201 Turcia
87%
0 Ungaria
87%
304 Austria
80%
322 Cehia
80%
221 Muntenegru
80%
101 Polonia
80%
0 Ucraina
80%
68 Slovacia
73%
365 Belarus
67%
No matching quizzes found
Score Distribution
Percent of People with Each Score
Percentile by Number Answered
Your Score History
You have not taken this quiz